| 000 | 00348nam a2200145 a 4500 | ||
|---|---|---|---|
| 003 | AR-BaBNM | ||
| 005 | 20251128202835.0 | ||
| 008 | 082120s2002 ||||||||||||||000 | spa|| | ||
| 040 | _cAR-BaBNM | ||
| 100 | 1 | _aPrampolini, Santiago | |
| 245 | 0 | 0 |
_aHistoria universal de la literatura _n9 |
| 260 |
_a[S.l.] _bUTEHA _c1941 |
||
| 942 | _cBK | ||
| 998 | _claura | ||
| 999 |
_c832 _d832 |
||